00389nam a2200145Ia 4500008004100000020001500041041000800056082001600064100003400080245004000114250000600154260003900160300001200199650003200211210716s1991 xx 000 0 und d a156276022X aeng a004.68 FREL aFreed, Les; Derfler, Frank J. aPc magazine guide to using netware. a1 aCaliforniabZiff Davis Pressc1991 axix,318 aLocal Area Networks(004.68)